Banner

Cómo partir, acentuar y tildar correctamente las palabras / (Record no. 952)

MARC details
000 -LEADER
campo de control de longitud fija 01008nam a22002897a 4500
001 - NÚMERO DE CONTROL
campo de control 000207
003 - IDENTIFICADOR DE NÚMERO DE CONTROL
campo de control CoMeUDC000207
005 - FECHA Y HORA DE LA ÚLTIMA TRANSACCIÓN
campo de control 20220131121950.0
008 - DATOS DE LONGITUD FIJA--INFORMACIÓN GENERAL
campo de control de longitud fija 940627r20021994ck r 00110 spa d
015 ## - NÚMERO DE BIBLIOGRAFÍA NACIONAL
Número de bibliografía nacional ck-1994-xxxx
020 ## - NÚMERO INTERNACIONAL ESTÁNDAR DEL LIBRO
Número Internacional Estándar del Libro 9589289010
035 ## - NÚMERO DE CONTROL DEL SISTEMA
Número de control de sistema AEX7952 LA
040 ## - FUENTE DE CATALOGACIÓN
Centro catalogador/agencia de origen la
Centro/agencia transcriptor CoMeUDC
041 0# - CÓDIGO DE IDIOMA
Código de lengua del texto/banda sonora o título independiente spa
082 ## - NÚMERO DE LA CLASIFICACIÓN DECIMAL DEWEY
Número de clasificación 465
Número de ítem S486
100 1# - ENTRADA PRINCIPAL--NOMBRE DE PERSONA
Nombre de persona Serna M., J. Alberto,
Fechas asociadas al nombre 1932-
245 10 - MENCIÓN DEL TÍTULO
Título Cómo partir, acentuar y tildar correctamente las palabras /
Mención de responsabilidad, etc. J. Alberto Serna M.
260 ## - PUBLICACIÓN, DISTRIBUCIÓN, ETC.
Lugar de publicación, distribución, etc. Bogotá-Medellín :
Nombre del editor, distribuidor, etc. Editorial Idioma,
Fecha de publicación, distribución, etc. 2002.
300 ## - DESCRIPCIÓN FÍSICA
Extensión 184 p. ;
Dimensiones 22 cm.
440 ## - MENCIÓN DE SERIE/PUNTO DE ACCESO ADICIONAL--TÍTULO
Título Serie de lexicografía, ortografía y redacción ;
Designación de volumen o secuencia 1
9 (RLIN) 1279
500 ## - NOTA GENERAL
Nota general La obra de contenido más sencillo, más completo y pedagógico para las personas que desean dominar la ortografía y enriquecer su vocabulario.
504 ## - NOTA DE BIBLIOGRAFÍA, ETC.
Nota de bibliografía, etc. Nota Incluye bibliografía e índice.
650 #0 - PUNTO DE ACCESO ADICIONAL DE MATERIA--TÉRMINO DE MATERIA
Término de materia o nombre geográfico como elemento de entrada Español
Subdivisión general Acentuación.
9 (RLIN) 1280
650 #0 - PUNTO DE ACCESO ADICIONAL DE MATERIA--TÉRMINO DE MATERIA
Término de materia o nombre geográfico como elemento de entrada Español
Subdivisión general Ortografía.
9 (RLIN) 1281
942 ## - ELEMENTOS DE ENTRADA SECUNDARIOS (KOHA)
Fuente del sistema de clasificación o colocación Clasificación Decimal Dewey
Tipo de ítem Koha Libros
949 ## - PROCESAMIENTO DE INFORMACIÓN LOCAL (OCLC)
a c
b c
Holdings
Estatus retirado Estado de pérdida Fuente del sistema de clasificación o colocación Estado de daño No para préstamo Colección Biblioteca de origen Biblioteca actual Fecha de adquisición Fuente de adquisición Signatura topográfica completa Código de barras Visto por última vez Copia número Precio de reemplazo Tipo de ítem Koha
    Clasificación Decimal Dewey     Colección general U DE COLOMBIA - Biblioteca U DE COLOMBIA - Biblioteca 22/01/2019 Donación 465 S486 Tomo 1 000207 22/01/2019 1 22/01/2019 Libros


Biblioteca Académica Corporación Universitaria U DE COLOMBIA | Teléfono: +(57) (4) 2398080 ext. 1112 | E-mail: biblioteca@udecolombia.edu.co | Dirección: Calle 56 Nº 41 – 147 (Bolivia con Girardot)
Horario de atención: lunes a viernes 8:00 a.m. a 8:00 p.m. - sábados 8:00 a.m. a 4:00 p.m.
Implementado por Grupo EGS.

Powered by Koha